000
00244nam a2200097Ia 4500
008
120527s9999 xx 000 0 und d
100
_a
frank,Marshal.p
245
_a
Post graduate nephology.
260
_b
William Heineman&med bk Ltd
942
_c
BK
999
_c
20526
_d
20526